000 00291nam a2200109Ia 4500
008 201231s9999 xx 000 0 und d
100 _aFaltinsen O. M.
245 0 _aSea Loads on Ships and Offshore Structures
260 _aCambridge
_bCambridge University Press
300 _a328
942 _cBK
999 _c9124
_d9124